Hỏi đáp về luật thương mại /
Đã lưu trong:
| Hovedforfatter: | |
|---|---|
| Format: | Sách giấy |
| Sprog: | Vietnamese |
| Udgivet: |
Đà Nẵng :
Nxb. Đà Nẵng,
2000
|
| Tags: |
Tilføj Tag
Ingen Tags, Vær først til at tagge denne postø!
|
| Thư viện lưu trữ: | Thư viện Trường Đại học Đà Lạt |
|---|
| LEADER | 00670nam a2200277 4500 | ||
|---|---|---|---|
| 001 | DLU030020919 | ||
| 003 | ##DLU | ||
| 005 | ##20021230 | ||
| 008 | ##021230t vn z000 vie d | ||
| 040 | # | # | |a DLU |b vie |
| 041 | # | # | |a vie |
| 044 | # | # | |a vn |
| 082 | # | # | |a 346.07 |b NG-M |
| 100 | # | # | |a Nguyễn Thị Mai |
| 245 | # | # | |a Hỏi đáp về luật thương mại / |c Nguyễn Thị Mai |
| 260 | # | # | |a Đà Nẵng : |b Nxb. Đà Nẵng, |c 2000 |
| 300 | # | # | |a 252 tr. ; |c 21 cm |
| 992 | # | # | |a 25000 |
| 994 | # | # | |a DLU |
| 900 | # | # | |a True |
| 911 | # | # | |a Phan Ngọc Đông |
| 925 | # | # | |a G |
| 926 | # | # | |a A |
| 927 | # | # | |a SH |
| 980 | # | # | |a Thư viện Trường Đại học Đà Lạt |